000 01200nam a22002657a 4500
005 20170124103211.0
010 _aB-019339
020 _c875.00
_a8170002885
035 _aB-019339
037 _bCen Lib/Ret
040 _aDPL
_bHN
082 _a344.092
_bभारत
245 _aभारत में जन ग्रंथालय अधिनियम /
_cएस. कुमार...[et al.]
246 _aBharat me jan granthalya adhiniyam
_bbyS. Kumar...[et al.]
260 _aनई दिल्ली
_bइ.एस एस इ एस एस पब्लिकेशन
270 _a4837/24, अंसारी रोड दरिया गंज
_bनई दिल्ली
_e110002
300 _a401पृष्ठ.
_c21सेमी(सजिल्द)
500 _aअनुक्रमणिका सूची शामिल
650 _aपुस्तकालय विज्ञान
_996537
650 _aअधिनियम - जन ग्रंथालय
_996538
650 _alibrary Science
_996539
650 _aAct - Public Library
_996540
700 _aकुमार, एस.
_943844
942 _2ddc
_cHN
_h344.092
_mभारत
999 _c121329
_d121329